000 01366nam a2200241Ia 4500
003 Ost
005 20260507075408.0
008 260507s9999||||xx |||||||||||||| ||und||
020 _a8245308977
040 _cfsecg
041 _aara
082 _a0
100 _aشريف، محمد عبد الجواد
_eمؤلف
245 0 _aالتكشيف والمكانز والمستخلصات بين الأعمال الفنية والأوعية المرجعية والخدمات المعلوماتية المعاصرة /
_c محمد عبد الجواد شريف
260 _aالإسكندرية:
_bالعلم والإيمان للنشر والتوزيع,
_c2008
300 _a190 صفحة؛
_bإيضاحات ؛
_c25 سم
504 _aالمراجع ص.186
520 _aيضم التكشيف:مفهومه وتاريخه عند العرب والمسلمين، التكشيف كأحد العمليات الفنية، الكشافات كأحد الأوعية المرجعية العامة، نظم التكشيف وأدواته، المكانز ولغة التكشيف، المستخلصات، التكشيف والمكانز والمستخلصات بين الأعمال الفنية والأوعية والخدمات المكتبية
653 _aالتكشيف
653 _aتكشيف وإستخلاص
653 _aعلم المكتبات
942 _cكتاب
999 _c44352
_d44352